best soccer players of the world - Statistics

General Stats
  • This quiz has been taken 169 times
  • The average score is 5 of 15
Answer Stats
team player % Correct
real madrid ronaldo
100%
barcelona messi
99%
manchester united rooney
77%
real madrid bale
69%
barcelona iniesta
48%
bayern munichen ribery
43%
liverpool gerrard
30%
arsenal ozil
29%
manchester united van persie
23%
chelsea fabregas
10%
chelsea torres
8%
LA Galaxy david beckham
5%
man city sergio aguero
4%
bayern munichen philip lahm
2%
borrusia dortmund shinji kagawa
0%
No matching quizzes found
Score Distribution
Percent of People with Each Score
Percentile by Number Answered
Your Score History
You have not taken this quiz